Responses for Show #6751 - Monday, January 13, 2014

Contestants

[<< previous game]

Matthew Linnabary, a phlebotomist from Wichita, Kansas

Miriam Musco, a children's museum education manager from Freeville, New York

Michelle DeGrothy, a Navy helicopter pilot from Neptune Beach, Florida (whose 1-day cash winnings total $13,700)

[next game >>]

Jeopardy! Round responses

EUROPEAN CAPITALS
AS THE TITLE CHARACTER'S WIFE
CADILLACS
WHAT ARE YOU AFRAID OF?
"B" ABBREVIATIONS
VALLEY FORGE
(Jimmy: --how the endurance of Washington's army made this winter encampment a turning point of the Revolutionary War.)
    $200 1
Brussels

Michelle
    $200 6
(Miriam: Who is Robin Penn Wright?)

Robin Wright Penn

MichelleMiriam
    $200 17
(Henry) Ford

Michelle
    $200 7
fire

Miriam
    $200 9
boiling point

Matthew
    $200 24
the Continental Congress

Miriam
    $400 2
(Matthew: What is Rome?)

London

MichelleMatthew
    $400 8
Renee Zellwegger

Michelle
    $400 18
(Coupe) de Ville

Michelle
    $400 14
foreigners (strangers)

Miriam
    $400 10
batting average

Miriam
    $400 27
(Alex: ...with less than a minute to go.)

Lafayette

Michelle
    $600 3
Warsaw

Michelle
    $600 11
12 Years a Slave

Miriam
    $600 19
Escalade

Michelle
    $600 15
witches

Michelle
    $600 16
the Bureau of Land Management

Triple Stumper
    $600 28
(Miriam: What is the Brandywine?)
(Michelle: What is the Potomac?)
(Matthew: What is the Delaware?)

the Schuylkill

MichelleMiriamMatthew
Triple Stumper
    $800 4
Sarajevo

Michelle
    $800 12
Courtney Love

Michelle
    $800 20
4

Michelle
    $800 25
(Miriam: What is knowledge?)

love

MichelleMiriam
    $800 22
Botswana

Michelle
    $800 29
[The end-of-round signal sounds.]

von Steuben

Triple Stumper
    $1000 5
(Miriam: What is Cyprus?)
...
[Applause for Michelle's run of the category]

Malta

MichelleMiriam
    $1000 13
Angela Bassett

Triple Stumper
    $1000 21
the Eldorado

Triple Stumper
    $600 26
(Michelle: What is... fear of Mexican music stars?)
[Laughter]

the Moon

Michelle
    $1000 23
best and final offer

Triple Stumper

Scores at the first commercial break (after clue 15):

Michelle Miriam Matthew
$5,000 $400 -$200

Scores at the end of the Jeopardy! Round:

Michelle Miriam Matthew
$7,800 -$800 -$800

Double Jeopardy! Round responses

THE MOOR YOU KNOW
FROM PAGE TO STAGE
CHEMISTRY
RELIGIOUS MATTERS
TV DAVIDS
TO "EACH" HIS "OWN"
    $400 2
Venice

Matthew
    $400 1
[Miriam selected the first clue.]

Les Misérables

Michelle
    $400 3
pH

Michelle
    $400 12
an abbot

Miriam
    $400 17
(Matthew: Who is David Crane?)

David Hyde Pierce

MichelleMatthew
    $400 21
impeach

Michelle
    $800 8
Carmen

Matthew
    $800 4
helium

Michelle
    $800 13
Gabriel

Miriam
    $800 18
David Duchovny

Michelle
    $800 22
to bleach

Michelle
    $1,000 9
Damn Yankees

Matthew
    $1200 5
enrichment

Triple Stumper
    $1200 14
(Michelle: What is Taoism?)

Confucius

MichelleMatthew
    $1200 19
David Letterman

Matthew
    $1200 23
(Alex: ...with less than a minute to go.)

disown

Michelle
    $1600 28
[The end-of-round signal sounds.]

the Moros

Triple Stumper
    $1600 10
Cats

Miriam
    $1600 6
(Michelle: What is capacitance?)

conductivity

Michelle
Triple Stumper
    $1,000 15
Calvin

Matthew
    $1600 20
David Kelley

Triple Stumper
    $1600 24
(Edward) Teach

Triple Stumper
    $2000 27
sigh

Triple Stumper
    $2000 11
The Sorrows of Young Werther

Triple Stumper
    $2000 7
carbon

Miriam
    $2000 16
the Great Sanhedrin

Triple Stumper
    $2000 26
David Boreanaz

Michelle
    $2000 25
ingrown

Triple Stumper

Scores at the end of the Double Jeopardy! Round:

Michelle Miriam Matthew
$12,200 $4,000 $4,400
(lock game)

[wagering suggestions for these scores]

Final Jeopardy! Round responses

ASIAN NATIONS
MiriamWhat is Vietnam?
$3,900
MatthewWhat is South Korea?
$3,601
MichelleWhat is Lithuania?
$0
Cambodia

Final scores:

Michelle Miriam Matthew
$12,200 $100 $799
2-day champion: $25,900 3rd place: $1,000 2nd place: $2,000

Game dynamics:

Coryat scores:

Michelle Miriam Matthew
$12,800 $4,000 $5,200
25 R,
4 W
(including 1 DD)
9 R,
4 W
7 R
(including 2 DDs),
3 W

Combined Coryat: $22,000

[game clues] [game scores] [suggest correction]

Game tape date: 2013-11-06
The J! Archive is created by fans, for fans. Scraping, republication, monetization, and malicious use prohibited; this site may use cookies and collect identifying information. See terms. The Jeopardy! game show and all elements thereof, including but not limited to copyright and trademark thereto, are the property of Jeopardy Productions, Inc. and are protected under law. This website is not affiliated with, sponsored by, or operated by Jeopardy Productions, Inc. Join the discussion at JBoard.tv.